00498 2200169 4500245004900000020002200049250001100071100001700082650001600099005001900115260004200134041001400176084000800190300002400198500009700222336000900319 aMy Own Private Mr . CoolcIndah hanacohText a978-602-03-9522-7 aCet. 1 aIndah hanaco aNovel Fiksi a20231005111512 aJakartabGramedia Pustaka Utamac2018 aIndonesia a813 a261 hlm. :c19,5 cm aBagi Heidy Theapila, latar belakang keluarga membuatnya tak mudah menemukan pasangan sejiwa. atext